Normal view
MARC view
Entry Personal Name
001 - CONTROL NUMBER
- control field: 528945
003 - CONTROL NUMBER IDENTIFIER
- control field: OSt
005 - DATE AND TIME OF LATEST TRANSACTION
- control field: 20220930071805.0
008 - FIXED-LENGTH DATA ELEMENTS
- fixed length control field: 220930|| aca||aabn | a|a d
040 ## - CATALOGING SOURCE
- Original cataloging agency: OSt
- Transcribing agency: OSt
100 ## - HEADING--PERSONAL NAME
- Personal name: Hargu Lal
670 ## - SOURCE DATA FOUND
- Source citation: Work cat.: (OSt)862850: Hargu Lal, Madhya yugin krishan kavya mein samajik jeevan ki abhivyakti., 1965
